000 00860nam a22002897a 4500
003 CHAP
005 20220329140210.0
008 971013s1905 r 00010 d
010 _a48447
011 _a49419
035 _a53567
040 _cCHAP
082 _a557.3
_bR54
100 0 0 _aRies, Heinrich.
_997400
245 _aEconomic geology of the United States
260 _aNew York :
_bMacMillan,
_c1905
300 _a435 p.
_b: ilus.
590 _aBATCH-UPD
_b10
_c20130110
_lUCH01
_h2232
590 _aBATCH-UPD
_b10
_c20130410
_lUCH01
_h1527
590 _aBATCH-UPD
_b10
_c20130914
_lUCH01
_h1711
590 _aCONVERSION
_b10
_c20130109
_lUCH01
_h1326
650 1 4 _aGeología económica.
_947648
650 1 4 _aMinas y recursos minerales
_xE.U.A.
_975911
901 _aBK
942 _cLIBRO
949 _a557.3 R54
_bBC
_cBPP
_d-118690
_eBPP
_h7920
_i53567
_si
999 _c48447
_d48447